भारत में महिला शिक्षा और साक्षारता / (Record no. 118601)

MARC details
000 -LEADER
fixed length control field 01188nam a22002537a 4500
005 - DATE AND TIME OF LATEST TRANSACTION
control field 20170124103117.0
010 ## - LIBRARY OF CONGRESS CONTROL NUMBER
LC control number B-241164
020 ## - INTERNATIONAL STANDARD BOOK NUMBER
Terms of availability 200.00
International Standard Book Number 8188457388
035 ## - SYSTEM CONTROL NUMBER
System control number B-241164
037 ## - SOURCE OF ACQUISITION
Source of stock number/acquisition Cen Lib/Ret
040 ## - CATALOGING SOURCE
Original cataloging agency DPL
Language of cataloging HN
082 ## - DEWEY DECIMAL CLASSIFICATION NUMBER
Classification number 370.82
Item number पालीवा
100 ## - MAIN ENTRY--PERSONAL NAME
Personal name पालीवाल, सुभाषिणी
9 (RLIN) 81067
245 ## - TITLE STATEMENT
Title भारत में महिला शिक्षा और साक्षारता /
Statement of responsibility, etc सुभाषिणी पालीवाल
246 ## - VARYING FORM OF TITLE
Title proper/short title Bharat me mahila shiksha aur saksharta /
Remainder of title by Subhashini Paliwal
260 ## - PUBLICATION, DISTRIBUTION, ETC. (IMPRINT)
Place of publication, distribution, etc नई दिल्ली
Name of publisher, distributor, etc कल्याणी शिक्षा परिषद्
Date of publication, distribution, etc 2007
270 ## - ADDRESS
City नई दिल्ली
Address 3320-21 जटवाड़ा, दरियागंज
Postal code 110002
300 ## - PHYSICAL DESCRIPTION
Extent 149पृ.
Dimensions 21सेमी(सजिल्द)
650 ## - SUBJECT ADDED ENTRY--TOPICAL TERM
Topical term or geographic name as entry element महिला -- शिक्षा
9 (RLIN) 81068
650 ## - SUBJECT ADDED ENTRY--TOPICAL TERM
Topical term or geographic name as entry element नारी -- समाज वैज्ञानिक अध्य्यन
9 (RLIN) 81069
650 ## - SUBJECT ADDED ENTRY--TOPICAL TERM
Topical term or geographic name as entry element Women - Education
9 (RLIN) 8597
650 ## - SUBJECT ADDED ENTRY--TOPICAL TERM
Topical term or geographic name as entry element Woman - sociological study
9 (RLIN) 81070
942 ## - ADDED ENTRY ELEMENTS (KOHA)
Source of classification or shelving scheme Dewey Decimal Classification
Koha item type Hindi Books
Classification part 370.82
Call number suffix पालीवा
Holdings
Withdrawn status Lost status Damaged status Not for loan Home library Current library Date acquired Source of acquisition Cost, normal purchase price Total Checkouts Full call number Barcode Date last seen Date checked out Copy number Cost, replacement price Price effective from Koha item type Source of classification or shelving scheme Collection code
        Central Library Central Library 12/09/2015 Cen Lib/Ret 200.00 1 370.82 पालीवा B-241164 20/01/2018 04/01/2018 1 200.00 12/09/2015 Hindi Books    
        Sarojini Nagar Sarojini Nagar 22/04/2022       370.82 पालीवा B-241168 22/04/2022     200.00 22/04/2022 Hindi Books Dewey Decimal Classification Non-fiction

© Delhi Public Library
Hit Counter
free hit counter